Geography Trivia- Thursday Thirties Week 1 - Statistics

General Stats
  • This quiz has been taken 33 times
  • The average score is 17 of 31
Answer Stats
Question Answer % Correct
The Great Barrier Reef stretches 1,429 miles and is visible from space. What country is it off the coast of? Australia
93%
Lake Baikal is the world's oldest and deepest lake, holding 20% of Earth's unfrozen freshwater. What country is it in? Russia
93%
At 8,891 km (5,525 mi), which two countries share the longest international land border in the world? Canada and United States
90%
Which of these countries has the largest land area? Chad
90%
Located at 64°N latitude, which city holds the record as the world's most northerly national capital? Reykjavik
90%
At approximately 3,640 metres (11,942 ft) above sea level, which South American city is the world's highest capital? La Paz
87%
Which of these capital cities is located further SOUTH? Bandar Seri Begawan (Brunei)
83%
Which of these capital cities is located further NORTH? Ottawa (Canada)
80%
Which of these capital cities is located further SOUTH? Dakar (Senegal)
77%
Quito (Ecuador) in the Western Hemisphere is at 0°S. Which Eastern Hemisphere capital is at roughly the same latitude north? Kampala
73%
Which country has the longer major river within its borders? Mexico
70%
Which capital is further EAST: Athens (Greece) or Addis Ababa (Ethiopia)? Addis Ababa
67%
This country has more lakes than any other nation - roughly 60% of all the world's lakes. Which country is it? Canada
67%
Dettifoss is Europe's most powerful waterfall, thundering 44 metres (144 ft) down in Vatnajökull National Park. What country is it in? Iceland
63%
Which country is named after a Biblical king? Solomon Islands
63%
Murray-Darling: Longest river system in Oceania. Which Oceania country is it in? Australia
60%
Okavango: World's largest inland delta - river that never reaches the sea. Which Southern African country does it flow through? Botswana
43%
Issyk-Kul: World's 2nd largest mountain lake, 8th deepest; rarely freezes despite -30°C winters. Which of these two countries is it in? Kyrgyzstan
40%
Aral Sea: Was world's 4th largest lake; lost approx 90% of water volume - one of the greatest environmental disasters. Which Asian country is it beside? Uzbekistan
40%
Blue Nile: Source of the majority of Nile water; starts at Lake Tana. Which East African country is it in? Ethiopia
37%
Which of these peaks is the tallest? Mount Logan (Canada)
33%
Which of these rivers is the longest? Yangtze (China)
33%
Dasht-e Lut holds the record for hottest land surface temperature ever measured by satellite: 70.7°C in 2005. Which Asian country is it in? Iran
30%
Two countries share the record for having 14 neighbouring countries each. Russia is one - which nation is the other? China
27%
Chilika: Asia's largest brackish* water lagoon. Which South Asian country is it in? *Freshwater from rivers mixes with salty ocean water India
27%
Which of these lakes is the largest? Lake Titicaca (Peru/Bolivia)
27%
Which capital city was founded earlier: Reykjavik (Iceland) or Tirana (Albania)? Reykjavik (Iceland)
23%
The Rub' al Khali is the world's largest continuous sand desert at 650,000 km². Which Asian country is it in? Saudi Arabia
23%
Makgadikgadi: One of world's largest salt flat systems; remnant of an ancient mega-lake that was once larger than Lake Victoria. Which African country is it in? Botswana
17%
Which European country has approximately 50,000 islands along its coast, more than any other in Europe? Norway
17%
BONUS QUESTION (for the first one): Which country has the longer total coastline? Turkey
13%
No matching quizzes found
Score Distribution
Percent of People with Each Score
Percentile by Number Answered
Your Score History
You have not taken this quiz